1200 1999 1713 1493 1141 1762 1331 1080 1597 1439 1378 1900 1648 1081 1327 1346 1970 1822 1710 1071 1516 1612 1413 1213 1336 1971 1766 1439 1629 1513 1363 1482 1204 1015 1618 1765 1919 1983 1069 1341 1848 1119 1183 1027 1079 1767 1400 1776 1553 1517 1878 1306 1659 1127 1484 1133 1782 1946 1811 1776 1513 1333 1793 1517 1901 1517 1315 1574 1110 1702 1171 1926 1086 1917 1845 1788 1235 1270 1230 1373 1821 1910 1713 1110 1185 1418 1646 1309 1215 1630 1919 1417 1538 1182 1475 1900 1446 1431 1292 BCNSPRNW ULIB Ver.6.0+V

เปลี่ยนเป็นภาษาไทย

Change to English
 แสดงรายละเอียดบรรณานุกรม
  กลับหน้าหลัก

Brief Record : Get Marc (ISO 2709) : E-mail record : QR code < ปิดหน้าต่าง
LEADER : 00000nam 2200000uu 4500
001    13399123782
003     ULIB
008    141127s2556||||th 000 0 tha d
020    ^a9789742911515(ล.1)
024    ^a9742911517
060 04 ^aWY150^bค127ก ล.1
245 00 ^aการพยาบาลผู้ใหญ่และผู้สูงอายุ เล่ม 1 /^cคณาจารย์เรียบเรียง : แสงจันทร์ ทองมาก ... [ และคนอื่นๆ]
250    ^aพิมพ์ครั้งที่ 13 (ปรับปรุงครั้งที่ 1)
260    ^aนนทบุรี :^bโครงการสวัสดิการวิชาการ สถาบันพระบรมราชชนกกระทรวงสาธารณสุข,^c2556
300    ^a714 หน้า :^bภาพประกอบ ;^c26 ซม.
650  7 ^aการพยาบาล^xในวัยชรา
650  7 ^aการพยาบาล^xในวัยผู้ใหญ่
650  7 ^aการพยาบาลผู้สูงอายุ
650  7 ^aผู้สูงอายุ^xการดูแล
700 0  ^aแสงจันทร์ ทองมาก
710 2  ^aสถาบันพระบรมราชชนก. ^bโครงการสวัสดิการวิชาการ
945    ^p250^l0^i22021
945    ^p250^l0^i22022
945    ^p250^l0^i22023
945    ^p250^l0^i22024
945    ^p250^l0^i22025
945    ^p250^l0^i22026
945    ^p250^l0^i22027
945    ^p250^l0^i22028
945    ^p250^l0^i22029
945    ^p250^l0^i22030
995    ทศพร
999 ^a ใช้งานได้ทุกระบบ
รายการนี้ยังไม่มีแท็ก
คุณยังไม่ได้ล็อกอิน คุณสามารถมีกิจกรรมร่วมกับเว็บไซต์ได้ แต่ต้องล็อกอินก่อน ::
  ล็อกอิน

รายการสื่อสารสนเทศ

ลำดับที่ ประเภท เลขเรียก/บาร์โค้ด สถานที่ สถานะ
1. Book การพยาบาล
Book การพยาบาล
สถานะ=หนังสือเก่า
WY150 ค127ก ล.1 ฉ.1 
  Barcode: 22021
ห้องสมุดวิทยาเขตนครสวรรค์
►ส่วนจัดเก็บหนังสือเก่า นว.
บนชั้น
  ขอยืม
2. Book การพยาบาล
Book การพยาบาล
สถานะ=หนังสือเก่า
WY150 ค127ก ล.1 ฉ.10 
  Barcode: 22030
ห้องสมุดวิทยาเขตนครสวรรค์
►ส่วนจัดเก็บหนังสือเก่า นว.
บนชั้น
  ขอยืม
3. Book การพยาบาล
Book การพยาบาล
สถานะ=หนังสือเก่า
WY150 ค127ก ล.1 ฉ.2 
  Barcode: 22022
ห้องสมุดวิทยาเขตนครสวรรค์
►ส่วนจัดเก็บหนังสือเก่า นว.
บนชั้น
  ขอยืม
4. Book การพยาบาล
Book การพยาบาล
สถานะ=หนังสือเก่า
WY150 ค127ก ล.1 ฉ.3 
  Barcode: 22023
ห้องสมุดวิทยาเขตนครสวรรค์
►ส่วนจัดเก็บหนังสือเก่า นว.
บนชั้น
  ขอยืม
5. Book การพยาบาล
Book การพยาบาล
สถานะ=หนังสือเก่า
WY150 ค127ก ล.1 ฉ.4 
  Barcode: 22024
ห้องสมุดวิทยาเขตนครสวรรค์
►ส่วนจัดเก็บหนังสือเก่า นว.
บนชั้น
  ขอยืม
6. Book การพยาบาล
Book การพยาบาล
WY150 ค127ก ล.1 ฉ.5 
  Barcode: 22025
ห้องสมุดวิทยาเขตนครสวรรค์
►หนังสือทั่วไป:l:General Books
บนชั้น
7. Book การพยาบาล
Book การพยาบาล
สถานะ=หนังสือเก่า
WY150 ค127ก ล.1 ฉ.6 
  Barcode: 22026
ห้องสมุดวิทยาเขตนครสวรรค์
►ส่วนจัดเก็บหนังสือเก่า นว.
บนชั้น
  ขอยืม
8. Book การพยาบาล
Book การพยาบาล
สถานะ=หนังสือเก่า
WY150 ค127ก ล.1 ฉ.7 
  Barcode: 22027
ห้องสมุดวิทยาเขตนครสวรรค์
►ส่วนจัดเก็บหนังสือเก่า นว.
บนชั้น
  ขอยืม
9. Book การพยาบาล
Book การพยาบาล
สถานะ=หนังสือเก่า
WY150 ค127ก ล.1 ฉ.8 
  Barcode: 22028
ห้องสมุดวิทยาเขตนครสวรรค์
►ส่วนจัดเก็บหนังสือเก่า นว.
บนชั้น
  ขอยืม
10. Book การพยาบาล
Book การพยาบาล
WY150 ค127ก ล.1 ฉ.9 
  Barcode: 22029
ห้องสมุดวิทยาเขตนครสวรรค์
►หนังสือทั่วไป:l:General Books
ถูกยืม กำหนดส่งวันที่ 4 สิงหาคม 2568
  จอง

รายการใกล้เคียง
    หัวเรื่อง [การพยาบาลผู้สูงอายุ]
    หัวเรื่อง [ผู้สูงอายุ การดูแล]

BibComment


ยังไม่เคยถูกคอมเมนท์

คอมเมนท์ทรัพยากรรายการนี้
  คอมเมนท์: การพยาบาลผู้ใหญ่..


 Copyright 2026. Bcnsprnw @Library